00866nam a22002297a 450000500170000001000150001702000270003203500140005903700090007308200130008224500790009525000060017426000350018027000820021530000220029750000520031970000310037171000370040294200240043999900190046395201540048220251205145506.0 aENG-147231 a9789385839634c1295.00 aEN-130763 bDBAD a954.121 aIndia's north east Manipur/cEdited by K. Jose SVD [and] M. Amarjeet Singh a1 aGuwahatibDVS Publishersc2022 aH.B. Road PanbazarbGuwahatie781001k2638295l0361-2511789mdvspub@gmail.com a272p. c22cm (Hb) aPerennial Themes and Contemporary Perspectives  aK. Jose SVDeEditor985887 aM. Amarjeet SingheEditor985888 2ddccENmINDh954.1 c213861d213861 001040708NFICaMbMd2025-12-05eDelivery of Books Act Divisiong1295.00l0oIND 954.1pEN-130763r2025-12-05 00:00:00t1v1295.00w2025-12-05yEN